|
|
|
|
| LEADER |
00000nam a22000007a 4500 |
| 005 |
20190402231454.0 |
| 007 |
cr|||| |||| |
| 008 |
190402s2018 br |||||s|||| 00||0 por d |
| 020 |
|
|
|a 978-85-9597-032-8
|
| 035 |
|
|
|a 23220
|
| 040 |
|
|
|a vLex
|
| 090 |
|
|
|c 8549
|d 8549
|
| 100 |
1 |
|
|a Leal, Fernando
|
| 245 |
1 |
0 |
|a Transformaė̳s do Direito Administrativo
|h [Recurso electrn̤ico] :
|b O Estado Administrativo 30 anos depois da Constituiȯ̂ de 1988 /
|c Fernando Leal, Daniel Wunder Hachem, Jos ̌Vicente Santos de Mendonȧ
|
| 256 |
|
|
|a Servicio en ln̕ea
|
| 260 |
|
|
|a Rio de Janeiro:
|b FGV - Direito Rio,
|c 2018
|
| 300 |
|
|
|a 1 recurso electrn̤ico
|
| 506 |
1 |
|
|a Disponible solo en los productos indicados
|d vLex Global
|d vLex Global (Academic Edition, excluding Law Schools)
|d vLex Global (U.S. Academic Edition, Law Schools)
|d vLex Global (U.S. Academic Edition, excluding Law Schools)
|d vLex Global (Academic Edition, Law Schools)
|
| 650 |
0 |
4 |
|a Derecho Pb︢lico y Administrativo
|z Brasil
|
| 700 |
1 |
|
|a Wunder Hachem, Daniel
|
| 700 |
1 |
|
|a Santos de Mendonȧ, Jos ̌Vicente
|
| 740 |
0 |
|
|a vLex Libros (Servicio en ln̕ea)
|
| 856 |
4 |
0 |
|u http://vlex.com/source/transforma-es-direito-administrativo-estado-administrativo-30-anos-depois-constitui-o-1988-23220
|z Acceso restringido
|
| 942 |
|
|
|c BOOK
|
| 999 |
0 |
|
|a Public and Administrative Law
|